• 首页
  • 本馆介绍
  • 公告通知
  • 最新文献
  • 馆藏检索
  • 电子资源
  • 读者导购
  • 参考咨询
  • 我的图书馆
  • 登录
  • 详细信息显示
  • 放入我的书架
  • 预约/预借图书
  • 作者相关作品
  • 分类相关作品
  • 丛书相关作品
  • 出版社相关作品

书目信息

  • 表格格式
  • 工作单格式
  • 卡片格式
题名:
内科危重症的抢救
    
 
作者: ;青岛医学院 编
分册:  
出版信息: 北京   人民卫生出版社  1983.8
页数: 737页
开本: 19cm
丛书名:
单 册:
中图分类: R596
科图分类:
主题词: 全身性疾病
电子资源:
ISBN:
000 00523nam0 2200181 45
001 0181013264
005 20060418092518.57
010    @dCNY0.78
100    @a20810111d km y0chiy0120 ea
101 0  @achi
200 1  @a内科危重症的抢救@Anei ke wei zhong zheng de qiang jiu@f青岛医学院编@Fqing dao yi xue yuan bian
210    @a北京@c人民卫生出版社@d1983.8
215    @a737页@d19cm
606 0  @a全身性疾病
690    @aR596@v4
711 0  @a青岛医学院@Aqing dao yi xue yuan@4编
801    @aCN@bTSTC@c20060418
905    @dR596@e1
    
    内科危重症的抢救/青岛医学院编.-北京:人民卫生出版社,1983.8
    737页;19cm
    
    
    ISBN :CNY0.78
    
●
相关链接 在E读中查询图书 在五车中查询图书 在当当中查询图书 在豆瓣中查询图书


正题名:内科危重症的抢救     索取号:R596/1         预约/预借

序号 登录号 条形码 馆藏地/架位号 状态 备注
1 0024181   202243571   密集书库/ [索取号:R596/1] 在馆    
唐山师范学院图书馆 欢迎您!
大连网信软件有限公司© 版权所有